[Event "6th EICC Playoff"]
[Site "Warsaw POL"]
[Date "2005.07.02"]
[Round "3.2"]
[White "Beliavsky,A"]
[Black "Asrian,K"]
[Result "1/2-1/2"]
[WhiteElo "2630"]
[BlackElo "2611"]

1.d4 d5 2.c4 e6 3.Nc3 c6 4.e3 Nf6 5.Nf3 Nbd7 6.Qc2 b6 7.Bd3 Bb7 8.O-O Bd6
9.e4 dxe4 10.Nxe4 Nxe4 11.Bxe4 Qc7 12.Re1 h6 13.b3 O-O-O 14.Bb2 f5 15.Bd3 c5
16.Rxe6 Bxf3 17.gxf3 cxd4 18.Bxf5 Kb8 19.Bxd4 Bxh2+ 20.Kg2 Be5 21.Bxe5 Nxe5
22.Qe4 Nd3 23.Re7 Nc5 24.Rxc7 Nxe4 25.Rxg7 Rhg8 26.Rxg8 Rxg8+ 27.Kf1 Nc3
28.a3 Rf8 29.Bg4 Rd8 30.Rc1 Rd3 31.Bf5 Rxf3 32.Bh7 Rh3 33.Rc2 Nb1 34.Rb2 Nxa3
35.Ke2 b5 36.Bd3 b4 37.Rd2 a5 38.Rd1 Kc7 39.Rg1 Kd6 40.Rg8 Kc5 41.Rd8 h5
42.Rd5+ Kb6 43.Rg5 a4 44.bxa4 b3 45.a5+ Ka6 46.Rg3 Rxg3 47.fxg3 Kxa5 48.c5 b2
49.Kf3 b1=Q 50.Bxb1 Nxb1 51.g4  1/2-1/2

[Event "ch-BEL"]
[Site "Aalst BEL"]
[Date "2005.07.03"]
[Round "2"]
[White "Van der Stricht,G"]
[Black "Maenhout,T"]
[Result "1/2-1/2"]
[WhiteElo "2400"]
[BlackElo "2150"]

1.d4 Nf6 2.c4 c6 3.Nc3 d5 4.Nf3 e6 5.e3 Nbd7 6.Qc2 Bd6 7.Bd3 O-O 8.O-O dxc4
9.Bxc4 e5 10.Bb3 Qe7 11.h3 Nb6 12.dxe5 Bxe5 13.Nxe5 Qxe5 14.e4 Be6 15.Be3 Rfe8
16.f4 Qa5 17.Bd4 Nfd7 18.Qf2 Bxb3 19.axb3 Qb4 20.e5 c5 21.Be3 f6 22.exf6 Nxf6
23.Bxc5 Qxb3 24.Ra3 Qe6 25.Rfa1 Nbd5 26.Rxa7 Rac8 27.Bd4 Ne4 28.Nxe4 Qxe4
29.Rxb7 Rc2 30.Raa7 Ne7 31.Rxe7 Rxe7 32.Rxe7 Rc1+ 33.Kh2 Qxe7 34.Bc3 Qe4
35.Qd4 Qxd4 36.Bxd4 Rc4 37.Be5 Kf7 38.Kg3 g6 39.Kf3 Ke6 40.Bc3 h5 41.g4 Ra4
42.Kg3 Ra1 43.Kh4 Rh1 44.Kg3 Rg1+ 45.Kf2 Rc1 46.Kg3 Rg1+ 47.Kh4 Rh1 48.Kg3 Rg1+  1/2-1/2

[Event "20th North Sea Cup"]
[Site "Esbjerg DEN"]
[Date "2005.07.03"]
[Round "3"]
[White "Hansen,Er"]
[Black "Matthiesen,A"]
[Result "0-1"]
[WhiteElo "1838"]
[BlackElo "2356"]

1.d4 d5 2.Nf3 Nf6 3.c4 e6 4.Nc3 c6 5.e3 Nbd7 6.Bd3 dxc4 7.Bxc4 b5 8.Bd3 a6
9.O-O c5 10.Ne4 Bb7 11.Nxf6+ Nxf6 12.Be2 Qb6 13.a4 Be7 14.axb5 axb5 15.Rxa8+ Bxa8
16.Qb3 b4 17.Qa4+ Bc6 18.Qa6 Qxa6 19.Bxa6 O-O 20.Ne5 Bd5 21.dxc5 Bxc5 22.Nd3 Bd6
23.Bd2 Ra8 24.Rc1 Rxa6 25.Rc8+ Bf8  0-1

[Event "ZS"]
[Site "Brno CZE"]
[Date "2005.07.04"]
[Round "5"]
[White "Szymanski,M"]
[Black "Volodin,V"]
[Result "1/2-1/2"]
[WhiteElo "2422"]
[BlackElo "2245"]

1.d4 d5 2.c4 e6 3.Nc3 c6 4.e3 Nf6 5.Nf3 Nbd7 6.Bd3 dxc4 7.Bxc4 b5 8.Bd3 Bb7
9.e4 b4 10.Na4 c5 11.e5 Nd5 12.Ng5 cxd4 13.Nxe6  1/2-1/2

[Event "ch-SWE"]
[Site "Goeteborg SWE"]
[Date "2005.07.04"]
[Round "3"]
[White "Akesson,R"]
[Black "Ernst,T"]
[Result "0-1"]
[WhiteElo "2466"]
[BlackElo "2459"]

1.d4 d5 2.c4 c6 3.Nc3 Nf6 4.e3 e6 5.Nf3 Nbd7 6.Bd3 dxc4 7.Bxc4 b5 8.Bd3 Bd6
9.O-O O-O 10.Qc2 Bb7 11.e4 e5 12.dxe5 Nxe5 13.Nxe5 Bxe5 14.h3 Re8 15.Be3 a6
16.Rad1 Qe7 17.Ne2 Bd6 18.Nd4 g6 19.Nb3 c5 20.Nxc5 Rac8 21.b4 Nxe4 22.Bxe4 Bxe4
23.Qd2 Rcd8 24.Bd4 Be5 25.Qc3 Rxd4 26.Rxd4 Bc6 27.Nb3 Ba8 28.Qd2 Bxd4 29.Qxd4 Qg5
30.Qg4 Qxg4 31.hxg4 Bd5 32.Nc5 Bxa2 33.Ra1 Re2 34.Nxa6 Rb2 35.Nc7 Bc4 36.Ra8+ Kg7
37.Ne8+ Kf8 38.Nd6+ Ke7 39.Nxc4 bxc4 40.Rc8 Rxb4 41.g5 Kd7 42.Rc5 Kd6 43.Rc8 Kd5
44.Kf1 Rb7 45.Ke2 Kd4 46.f4 Kc3 47.g4 Re7+ 48.Kf3 Kb3 49.Rb8+ Kc2 50.Rc8 c3
51.f5 Rb7 52.Ke2 Kb2 53.Kd3 Rd7+ 54.Ke2 c2 55.Rb8+ Kc1 56.f6 Rd2+ 57.Ke1 Rd4  0-1

[Event "ch-SCO"]
[Site "Oban SCO"]
[Date "2005.07.04"]
[Round "3"]
[White "Grant,J"]
[Black "Aagaard,J"]
[Result "0-1"]
[WhiteElo "2273"]
[BlackElo "2442"]

1.c4 c6 2.Nc3 d5 3.d4 Nf6 4.e3 e6 5.Nf3 Nbd7 6.Qc2 Bd6 7.b3 O-O 8.Be2 Re8
9.O-O Qe7 10.e4 Nxe4 11.Nxe4 dxe4 12.Qxe4 e5 13.Bg5 Qf8 14.Qh4 h6 15.Be3 exd4
16.Nxd4 Nf6 17.g4 Nxg4 18.Bxg4 Re4 19.h3 f5 20.Qh5 fxg4 21.Qg6 Qe7 22.c5 Bc7
23.Bxh6 Qe5 24.Qxg7+ Qxg7 25.Bxg7 Kxg7 26.Rad1 Be5 27.Nc2 gxh3 28.Ne3 h2+
29.Kh1 Bh3 30.Rfe1 Bc3 31.f3 Bxe1 32.fxe4 Bg3 33.Rd3 Bf4 34.Nd1 Bg4 35.Ne3 Be2
36.Rd7+ Kf6 37.Ng2 Rh8 38.Nxf4  0-1

[Event "Skanska"]
[Site "Brno CZE"]
[Date "2005.07.05"]
[Round "6"]
[White "Neuman,P"]
[Black "Stehno,P"]
[Result "1-0"]
[WhiteElo "2430"]
[BlackElo "2366"]

1.d4 d5 2.c4 c6 3.Nc3 Nf6 4.e3 e6 5.Nf3 Nbd7 6.Bd3 dxc4 7.Bxc4 b5 8.Bd3 Bb7
9.e4 b4 10.Na4 c5 11.e5 Nd5 12.O-O h6 13.Bd2 Rc8 14.Qe2 Qa5 15.Nxc5 Bxc5
16.dxc5 Nxc5 17.Bb5+ Bc6 18.Bc4 Nb6 19.Nd4 Bd7 20.Rfe1 Nca4 21.Nb3  1-0

[Event "4th Open"]
[Site "La Fere FRA"]
[Date "2005.07.05"]
[Round "5"]
[White "Sriram,J"]
[Black "Paci,C"]
[Result "1-0"]
[WhiteElo "2437"]
[BlackElo "2238"]

1.d4 d5 2.c4 c6 3.Nf3 Nf6 4.Nc3 e6 5.e3 Nbd7 6.Bd3 dxc4 7.Bxc4 b5 8.Bd3 Bd6
9.O-O O-O 10.e4 e5 11.Bg5 b4 12.Ne2 h6 13.Bh4 Re8 14.Ng3 exd4 15.Nf5 Be5
16.Rc1 c5 17.Nxe5 Nxe5 18.Rxc5 Bxf5 19.exf5 Qd6 20.Rc1 Rac8 21.Rxc8 Rxc8
22.Re1 Nfd7 23.Bg3 Qf6 24.Bb5 Rc5 25.Ba4 Nb6 26.Bb3 Nbc4 27.Kh1 Nd7 28.h3 Ndb6
29.Re4 a5 30.Bh4 Qc6 31.Rxd4 Ne3 32.Rd8+ Kh7 33.fxe3 Rc1 34.Bxf7 Rxd1+ 35.Rxd1 Nd7
36.Be8 Qe4 37.Bg6+ Kg8 38.Bg3 Qe7 39.Rc1 Nc5 40.Bf4 Kf8 41.e4 Nb7 42.Rc8+ Nd8
43.Bc7 Qc5 44.Rxd8+ Ke7 45.Bd6+  1-0

[Event "ch-SWE"]
[Site "Goeteborg SWE"]
[Date "2005.07.06"]
[Round "5"]
[White "Akesson,R"]
[Black "Cramling,P"]
[Result "1/2-1/2"]
[WhiteElo "2466"]
[BlackElo "2494"]

1.d4 d5 2.c4 c6 3.Nc3 Nf6 4.e3 e6 5.Nf3 a6 6.b3 Bb4 7.Bd2 O-O 8.c5 Nbd7 9.Na4 Bxd2+
10.Qxd2 Ne4 11.Qc2 Qa5+ 12.Nd2 e5 13.f3 exd4 14.exd4 Ng5 15.O-O-O Ne6 16.Nb1 Qd8
17.Nbc3 Rb8 18.Qd2 b6 19.cxb6 Nxb6 20.Nxb6 Rxb6 21.Na4 Rb8 22.Bd3 Qf6 23.Rhe1 g6
24.Bc2 Bd7 25.Kb1 Kg7 26.Re3 Rfe8 27.Rc3 Rb5 28.g3 Reb8 29.a3  1/2-1/2

[Event "2nd RUS Pupils Summer Girls"]
[Site "Satka RUS"]
[Date "2005.07.06"]
[Round "9"]
[White "Melnichuk,E"]
[Black "Larina,M"]
[Result "0-1"]
[WhiteElo "2055"]
[BlackElo "2081"]

1.d4 d5 2.Nf3 Nf6 3.c4 c6 4.Nc3 e6 5.e3 Nbd7 6.Bd2 Bd6 7.cxd5 exd5 8.Bd3 O-O
9.O-O Re8 10.Qc2 Qe7 11.a3 Ne4 12.b4 a6 13.Na4 Ndf6 14.Nc5 Bg4 15.a4 Bxf3
16.gxf3 Ng5 17.Kg2 Ne6 18.Rac1 Nf8 19.Rh1 Ng6 20.h4 Nh5 21.Bxg6 fxg6 22.Qd3 Rf8
23.f4 Rf7 24.Rc2 Re8 25.b5 axb5 26.axb5 Ra8 27.bxc6 bxc6 28.Qb3 Nf6 29.f3 Rff8
30.Qb6 Ra3 31.Qxc6 Re8 32.Bc1 Ra1 33.Nd3 Rd8 34.Ne5 Ra7 35.Qb5 Rb8 36.Qd3 Bxe5
37.dxe5 Nd7 38.Qxd5+ Kh8 39.Qd6 Qe8 40.Bb2 Rab7 41.Bd4 Nf8 42.e4 Ne6 43.Be3 Rb3
44.Kf2 Qf7 45.Rhc1 h6 46.Rc8+ Rxc8 47.Rxc8+ Kh7 48.Rc2 Nxf4 49.Qd2 Nd3+ 50.Kg2 Nxe5
51.Qe2 Qe7 52.Qf2 Nd3 53.Qg3 Qb4 54.Bd2 Qd4 55.Rc6 Ne5 56.Rc2 Rxf3 57.Qe1 Nd3
58.Qd1 Qf2+  0-1

[Event "DS"]
[Site "Brno CZE"]
[Date "2005.07.07"]
[Round "8"]
[White "Chytilek,R"]
[Black "Splosnov,S"]
[Result "1/2-1/2"]
[WhiteElo "2418"]
[BlackElo "2369"]

1.d4 d5 2.c4 e6 3.Nc3 c6 4.e3 Nf6 5.Nf3 Nbd7 6.Bd3 dxc4 7.Bxc4 b5 8.Bd3 b4
9.Ne4 Bb7 10.Nxf6+ Nxf6 11.e4 Be7 12.O-O O-O 13.Qe2 c5 14.dxc5 Nd7 15.c6 Bxc6
16.Be3 Bb7 17.Rac1 Qa5 18.Bb5 Nf6 19.Nd4 Rac8 20.Nb3 Qxa2 21.Nc5 Bxe4 22.Bc4 Qa5
23.Nxe6 Rfe8 24.Ra1  1/2-1/2

[Event "4th Open"]
[Site "La Fere FRA"]
[Date "2005.07.07"]
[Round "8"]
[White "Zozulia,A"]
[Black "Vijayalakshmi,S"]
[Result "1-0"]
[WhiteElo "2314"]
[BlackElo "2414"]

1.d4 d5 2.c4 c6 3.Nc3 Nf6 4.Nf3 e6 5.e3 Nbd7 6.Qc2 Be7 7.g4 Kf8 8.g5 Ne8
9.Rg1 g6 10.Bd2 Nd6 11.b3 b6 12.e4 Bb7 13.Bd3 Rc8 14.e5 Ne8 15.cxd5 cxd5
16.Qb2 Nb8 17.Rc1 Ba6 18.Nb5 Rxc1+ 19.Qxc1 Qd7 20.a4 Nc7 21.Nxc7 Bxd3 22.Qc3 Be4
23.Ke2 Nc6 24.Rc1 Nb4 25.Ke3 Qd8 26.Rg1 Nc2+ 27.Kf4 Bb4 28.Qc6 Bxd2+ 29.Nxd2 Nxd4
30.Qd6+ Qxd6 31.exd6 f6 32.gxf6 Kf7 33.Nxe4 dxe4 34.Rd1 Nxb3 35.Nb5 Rd8 36.Nxa7 Kxf6
37.Nc6 g5+ 38.Ke3 Rd7 39.Nb8 Rd8 40.Nc6 Rd7 41.Nb8 Rd8 42.d7 Na5 43.Rc1 Ke7
44.Rc8 Nb7 45.Kd4 Kf6 46.Rc7 Nc5 47.Rc8 Nb7 48.Kc3 e5 49.Kb4 Ke6 50.Rxd8 Nxd8
51.Kb5 g4 52.Kxb6 e3 53.fxe3 h5 54.Kc7 Nf7 55.a5 h4 56.a6 g3 57.hxg3 hxg3
58.a7 g2 59.a8=Q g1=Q 60.Qc6+ Kf5 61.Qf3+ Kg6 62.Nc6 Ng5 63.Nxe5+ Kg7 64.Qd5 Qxe3
65.d8=Q Qa7+ 66.Kc8 Qa4 67.Qb5 Qe4 68.Qdd5 Qc2+ 69.Qbc4  1-0

[Event "VISUS Open"]
[Site "Prague CZE"]
[Date "2005.07.07"]
[Round "6"]
[White "Seleljo,D"]
[Black "Plasek,Z"]
[Result "1-0"]
[WhiteElo "2271"]
[BlackElo "2077"]

1.Nf3 d5 2.d4 c6 3.c4 e6 4.e3 Nf6 5.Nc3 Nbd7 6.Qc2 b6 7.Bd2 Bb7 8.cxd5 exd5
9.Bd3 Be7 10.g4 g6 11.g5 Nh5 12.h4 c5 13.Rg1 a6 14.Nh2 Qc7 15.Ng4 O-O-O 16.O-O-O Kb8
17.Nh6 Rhf8 18.Be2 f5 19.Bxh5 gxh5 20.Nxf5 Rf7 21.Nxe7 Rxe7 22.Kb1 Nf8 23.dxc5 Qxc5
24.Ne2 Qxc2+ 25.Kxc2 Ng6 26.Nd4 Rf8 27.f4 Nxh4 28.Bb4 Rc8+ 29.Kd3 Rf7 30.Bd6+ Ka7
31.Rh1 Nf5 32.Nxf5 Rxf5 33.Rxh5 Rf7 34.Be5 a5 35.Rh6 Rc6 36.Rxc6 Bxc6 37.Kd4 Re7
38.Rh1 Be8 39.Rh6 Rd7 40.f5 Rb7 41.Bf6 Rd7 42.Ke5 Rc7 43.a3 a4 44.Kf4 Rf7
45.Ke5 Rd7 46.g6 hxg6 47.fxg6 Rc7 48.Kf5 Bd7+ 49.Kg5 Rc6 50.Be5 Kb7 51.Rh7  1-0

[Event "ch-NOR"]
[Site "Sandnes NOR"]
[Date "2005.07.07"]
[Round "6"]
[White "Tallaksen,G"]
[Black "Leer Salvesen,B"]
[Result "1/2-1/2"]
[WhiteElo "2349"]
[BlackElo "2374"]

1.d4 d5 2.c4 e6 3.Nc3 c6 4.e3 Nf6 5.Nf3 Nbd7 6.Bd3 a6 7.b3 Bd6 8.O-O O-O
9.Bb2 b5 10.a4 bxc4 11.bxc4 e5 12.cxd5 cxd5 13.e4 Rb8 14.Rb1 dxe4 15.Nxe4 Nxe4
16.Bxe4 Nf6 17.dxe5 Nxe4 18.exd6 Bf5 19.Qd4 Qf6 20.Ba1 Qxd4 21.Nxd4 Bd7 22.a5  1/2-1/2

[Event "Australian Junior Masters"]
[Site "Sydney AUS"]
[Date "2005.07.07"]
[Round "8"]
[White "Suttor,V"]
[Black "Rej,T"]
[Result "0-1"]
[WhiteElo "2071"]
[BlackElo "2231"]

1.d4 d5 2.c4 c6 3.Nf3 e6 4.e3 Nf6 5.Nc3 Nbd7 6.Bd3 dxc4 7.Bxc4 b5 8.Bd3 Bb7
9.O-O a6 10.e4 c5 11.d5 Qc7 12.dxe6 fxe6 13.Bc2 Bd6 14.Ng5 Nf8 15.f4 h6 16.Nxe6 Nxe6
17.e5 O-O 18.exf6 Nd4 19.fxg7 Rfe8 20.Bg6 Qxg7 21.Qg4 Kh8 22.f5 Rg8 23.Bf4 Nxf5
24.Qxf5 Bxf4 25.Rxf4 Raf8 26.Qg4 Rxf4 27.Qxf4 Qxg6 28.Qe5+ Rg7 29.Kf2 Qxg2+
30.Ke3 Qf3+ 31.Kd2 Kh7 32.Re1 b4 33.Ne2 Qd5+ 34.Qxd5 Bxd5 35.Nf4 Bxa2 36.Ra1 Bc4
37.Rc1 Rd7+ 38.Ke3 Rd4 39.Rc2 a5 40.b3 a4 41.bxa4 b3 42.Rb2 Rd6  0-1

[Event "Open"]
[Site "Barbera del Valles ESP"]
[Date "2005.07.08"]
[Round "5"]
[White "Moskalenko,V"]
[Black "Pablo Marin,A"]
[Result "1-0"]
[WhiteElo "2534"]
[BlackElo "2424"]

1.d4 d5 2.c4 c6 3.Nf3 Nf6 4.Nc3 e6 5.e3 Nbd7 6.Bd3 Bd6 7.O-O O-O 8.e4 dxc4
9.Bxc4 e5 10.h3 exd4 11.Nxd4 Ne5 12.Bb3 Bc5 13.Be3 Bb6 14.Nc2 Bxe3 15.Nxe3 Qb6
16.Qe2 Be6 17.Kh1 Bxb3 18.axb3 Rfe8 19.f4 Ng6 20.e5 Rad8 21.Rae1 Nd5 22.Ncxd5 cxd5
23.Qd3 d4 24.Nc4 Qc5 25.Nd6 Re7 26.Re4 f6 27.b4 Qxb4 28.Rxd4 Qxb2 29.Qc4+ Kf8
30.Rfd1 Nh4 31.R4d2 Qb6 32.Qe2 Ng6 33.Qh5 Qb3 34.Qxh7 Nxe5 35.Qh8+ Qg8 36.Qxg8+ Kxg8
37.fxe5 Rxe5 38.Nxb7 Ra8 39.Rd8+  1-0

[Event "FSGM July"]
[Site "Budapest HUN"]
[Date "2005.07.08"]
[Round "7"]
[White "Lorscheid,G"]
[Black "Dearing,E"]
[Result "0-1"]
[WhiteElo "2285"]
[BlackElo "2420"]

1.d4 d5 2.c4 c6 3.Nc3 Nf6 4.e3 e6 5.Nf3 Nbd7 6.Qc2 Bd6 7.Be2 O-O 8.O-O dxc4
9.Bxc4 b5 10.Be2 Bb7 11.Rd1 Qb8 12.e4 e5 13.g3 Re8 14.dxe5 Nxe5 15.Bg5 Ned7
16.Nd4 b4 17.Nf5 Bf8 18.Na4 Nxe4 19.Bf4 Qc8 20.Bg4 Nef6 21.Bh3 c5 22.Nd6 Bxd6
23.Rxd6 Re7 24.Rad1 Qe8 25.Qc1 Re2 26.Bg2 Bxg2 27.Kxg2 Qe4+ 28.Kg1 Re8 29.Rf1 Qf5
30.Kg2 Qe4+ 31.Kg1 Qg6 32.Kg2 Rc2 33.Qd1 Ree2 34.Qd3 Qxd3 35.Rxd3 h6 36.Kg1 Nb6  0-1

[Event "4th Open"]
[Site "La Fere FRA"]
[Date "2005.07.08"]
[Round "9"]
[White "Sriram,J"]
[Black "Malakhatko,V"]
[Result "1/2-1/2"]
[WhiteElo "2437"]
[BlackElo "2556"]

1.d4 d5 2.c4 c6 3.Nc3 Nf6 4.e3 e6 5.Nf3 a6 6.b3 Bb4 7.Bd2 Nbd7 8.Bd3 Qe7
9.O-O O-O 10.Qc2 e5 11.dxe5 Nxe5 12.Nxe5 Qxe5 13.cxd5 cxd5 14.Ne2 Bd6 15.Ng3 Qg5
16.Bc3 Ng4 17.Bxh7+ Kh8 18.Bf5 Nxh2 19.Bxc8 Bxg3 20.Bf5 Nxf1 21.Rxf1 Kg8
22.Bh7+ Kh8 23.Bf5 Kg8 24.fxg3 Qxe3+ 25.Kh2 Rac8 26.Bxc8 Rxc8 27.Bd2 Qxg3+
28.Kxg3 Rxc2 29.Rf2 Rxa2 30.Bb4 Ra1 31.Rd2 a5 32.Bd6 Rb1 33.Rd3 b5 34.Kf3 f6
35.Ke3 Rb2 36.g3 Kf7 37.Kd4 Ke6 38.Bc5 a4 39.bxa4 bxa4 40.Re3+ Kf5 41.Kxd5 Rb3
42.Kc4 Rxe3 43.Bxe3 Kg4 44.Bf4  1/2-1/2

[Event "ch-SCO"]
[Site "Oban SCO"]
[Date "2005.07.08"]
[Round "7"]
[White "Pritchett,C"]
[Black "Tweedie,S"]
[Result "1-0"]
[WhiteElo "2288"]
[BlackElo "2172"]

1.c4 e6 2.Nc3 d5 3.d4 c6 4.e3 Nf6 5.Nf3 Nbd7 6.Qc2 Bd6 7.Bd3 dxc4 8.Bxc4 a6
9.a3 b5 10.Ba2 Bb7 11.e4 e5 12.Bg5 O-O 13.Rd1 Qe7 14.Nh4 exd4 15.Nf5 Qe5
16.f4 Qc5 17.Rxd4 Nxe4 18.Qxe4 Rfe8 19.Bxf7+ Kxf7 20.Nxd6+ Kf8 21.Nxe8 Rxe8
22.Qxe8+ Kxe8 23.Re4+ Kf7 24.Re7+ Kg6 25.Rxd7 Bc8 26.Re7 a5 27.Rf1 b4 28.axb4 axb4
29.Nd1 Bg4 30.Ne3 Qc1+ 31.Kf2 Qxb2+ 32.Kg3 Be2 33.Rf2 b3 34.h4 h6 35.f5+ Kh5
36.Bf4 Qf6 37.Rxe2 b2 38.Kf3 Qxf5 39.Nxf5 b1=Q 40.g4+ Kg6 41.h5+  1-0

[Event "Andorra Open"]
[Site "Andorra la Vella AND"]
[Date "2005.07.09"]
[Round "1"]
[White "Damljanovic,B"]
[Black "Thevenet,Y"]
[Result "1-0"]
[WhiteElo "2612"]
[BlackElo "2141"]

1.d4 d5 2.Nf3 Nf6 3.c4 c6 4.Nc3 e6 5.e3 Nbd7 6.Qc2 Be7 7.Bd3 dxc4 8.Bxc4 b5
9.Bd3 Bb7 10.O-O a6 11.e4 c5 12.e5 Nd5 13.Be4 Rc8 14.Nxd5 exd5 15.Bf5 Rc6
16.Qe2 O-O 17.e6 Nb8 18.Ne5 fxe6 19.Bb1 Rc7 20.Qh5 g6 21.Nxg6 Rf7 22.Ne5 Rg7
23.Bh6 Bf6 24.Bxg7 Rxg7 25.Re1 Nd7 26.f4 cxd4 27.Nxd7 Qxd7 28.Bd3 e5 29.fxe5 Bg5
30.Rf1 Qe7 31.Kh1 Bc8 32.Rf3 Qxe5 33.Raf1 Qd6 34.Qe8+  1-0

[Event "Andorra Open"]
[Site "Andorra la Vella AND"]
[Date "2005.07.09"]
[Round "1"]
[White "Oei,HI"]
[Black "Gurevich,M"]
[Result "1/2-1/2"]
[WhiteElo "2155"]
[BlackElo "2669"]

1.d4 d5 2.c4 c6 3.Nf3 Nf6 4.Nc3 e6 5.e3 a6 6.b3 Bb4 7.Bd2 Nbd7 8.Bd3 O-O
9.O-O Bd6 10.e4 dxc4 11.bxc4 e5 12.d5 Nc5 13.Bc2 cxd5 14.cxd5 Bg4 15.h3 Bh5
16.a4 Rc8 17.Re1 Ncd7 18.Rb1 Rc7 19.Rb2 Qe7 20.Ne2 Bxf3 21.gxf3 Nh5 22.Ng3 Nxg3
23.fxg3 Rfc8 24.Kg2 Ba3 25.Ra2 Bb4 26.Bd3 Nf6 27.Re2 Bxd2 28.Rexd2 Ne8 29.Rdc2 Nd6
30.Qc1 Kf8 31.Rxc7 Rxc7 32.Rc2 Rxc2+ 33.Qxc2 Ke8 34.Qc3 Kd8 35.f4 f6 36.Kf3 Kd7
37.Qb2 Qe8 38.Qc3 g5 39.fxe5 fxe5 40.Qb2 Qe7 41.Kg2 Kc7 42.Qc3+ Kd8 43.Qb2 h5
44.Qe2 h4 45.Qh5 Qf6 46.gxh4 gxh4 47.Qg4 Kc7 48.Qf3 Qg5+ 49.Kf1 Kd8 50.Qf8+ Kd7
51.Qf3 Ke7 52.Ke2 Ne8 53.Qf2 Nd6 54.Qf3 Qc1 55.Qg4 Qh6 56.a5 Nf7 57.Qc8 Qf4
58.Qxb7+ Kf8 59.d6 Qh2+ 60.Kd1 Qg1+ 61.Ke2 Qg2+ 62.Kd1 Qg1+ 63.Ke2 Nxd6 64.Qxa6 Qg2+
65.Kd1 Qf3+ 66.Kc2 Qf2+ 67.Kd1 Qf3+ 68.Kc2 Qf2+ 69.Kd1 Qf3+ 70.Kc2 Qf2+ 71.Kb3 Ke7
72.Qc6 Qf3 73.Qd5 Qxh3 74.Qxe5+ Kd7 75.Qd5 Kc7 76.e5 Nc8 77.Kb4 Qg3 78.Qc5+ Kb8
79.Qb5+ Kc7 80.Qc4+ Kb8 81.Qb5+ Kc7 82.Qc5+ Kb8 83.Bc4 Qe1+ 84.Ka3 Qc3+ 85.Ka4 Qc2+
86.Kb4 h3 87.e6 Qb2+ 88.Bb3 h2 89.Qb5+ Kc7 90.Qd7+ Kb8 91.Qb5+ Kc7 92.Qd7+ Kb8
93.Qb5+ Kc7 94.Qd7+ Kb8  1/2-1/2

[Event "57th ch-Montenegro"]
[Site "Cetinje SCG"]
[Date "2005.07.09"]
[Round "2"]
[White "Blagojevic,D"]
[Black "Krivokapic,M"]
[Result "1/2-1/2"]
[WhiteElo "2551"]
[BlackElo "2338"]

1.d4 d5 2.c4 c6 3.Nc3 Nf6 4.e3 e6 5.Nf3 Bd6 6.Bd3 Nbd7 7.e4 dxe4 8.Nxe4 Nxe4
9.Bxe4 Nf6 10.Bc2 O-O 11.O-O c5 12.Bg5 h6 13.Bh4 cxd4 14.Qxd4 Be7 15.Rfd1 Qxd4
16.Rxd4 b6 17.Be4 Nxe4 18.Bxe7 Re8 19.Ba3 Bb7 20.Rad1 f6 21.Re1 Ng5 22.Nxg5 hxg5
23.Rd6 e5 24.h3 Rad8 25.Red1 Rxd6 26.Rxd6 Bc8 27.c5 bxc5 28.Bxc5 a6 29.b4 Kf7
30.Rc6 Rd8 31.a3 Ke8 32.Rc7 Bd7 33.Ra7 Bb5 34.Rxg7 Rd7 35.Rg8+ Kf7 36.Rf8+ Ke6
37.Re8+ Kf7 38.Rb8 Rd1+ 39.Kh2 Ra1 40.Rb7+ Ke6 41.Rb6+ Kf7 42.Rb7+ Ke6 43.Bf8 Rxa3
44.Re7+ Kf5 45.Rc7  1/2-1/2

[Event "Open A"]
[Site "Klatovy CZE"]
[Date "2005.07.09"]
[Round "8"]
[White "Novak,Jar"]
[Black "Drahorad,D"]
[Result "1/2-1/2"]
[WhiteElo "2035"]
[BlackElo "2024"]

1.d4 d5 2.c4 e6 3.Nf3 Nf6 4.Nc3 c6 5.e3 Nbd7 6.Bd3 Bd6 7.e4 dxe4 8.Nxe4 Nxe4
9.Bxe4 Nf6 10.Bc2 Qa5+ 11.Bd2 Qh5 12.Ne5 Qxd1+ 13.Rxd1 O-O 14.O-O Nd7 15.Bc3 Nxe5
16.dxe5 Be7 17.Be4 Rb8 18.b4 c5 19.b5 Rd8 20.Rxd8+ Bxd8 21.Rd1 Bc7 22.f3 Kf8
23.h4 h6 24.Kf2 Ke7 25.a4 Bd7 26.a5 Be8 27.g4 b6 28.a6 Rd8 29.Rg1 f6 30.f4 fxe5
31.fxe5 Kf8 32.Ke2 Rd7 33.Bc6 Rf7 34.Bxe8 Kxe8 35.Rf1 Rxf1 36.Kxf1 Kf7 37.Ke2 g6
38.Bd2 Kg7 39.Bf4 Kh7 40.Kf3 Kg7 41.Ke4 Kh7  1/2-1/2

[Event "ch-SWE"]
[Site "Goeteborg SWE"]
[Date "2005.07.10"]
[Round "8"]
[White "Hillarp Persson,T"]
[Black "Cramling,P"]
[Result "0-1"]
[WhiteElo "2511"]
[BlackElo "2494"]

1.d4 d5 2.c4 c6 3.Nc3 Nf6 4.e3 e6 5.Nf3 a6 6.b3 Bb4 7.Bd2 Nbd7 8.Bd3 Bd6
9.e4 dxc4 10.bxc4 e5 11.c5 Bc7 12.Na4 exd4 13.O-O O-O 14.h3 Re8 15.Qc2 h6
16.Rae1 Nf8 17.Qb2 Ng6 18.Qc1 Nd7 19.Bb1 Ndf8 20.Nh2 Ne6 21.f4 Nexf4 22.Rxf4 Bxf4
23.Bxf4 Qa5 24.Nb6 Nxf4 25.Nxa8 d3 26.Nf3 Ne2+ 27.Rxe2 dxe2 28.Kf2 Be6 29.Nb6 Bxa2
30.Bd3 Qb4 31.Kxe2 a5 32.Qd2 Qxc5 33.Nd7 Qa3 34.e5 Bd5 35.Kf2 a4 36.Nf6+ gxf6
37.Qxh6 Qxd3  0-1

[Event "inAUTOmarket Open"]
[Site "Minsk BLR"]
[Date "2005.07.10"]
[Round "1"]
[White "Litvinov,Vl"]
[Black "Kovalenko,SeP"]
[Result "1-0"]
[WhiteElo "2355"]
[BlackElo "2085"]

1.d4 d5 2.c4 c6 3.Nf3 Nf6 4.Nc3 e6 5.e3 Be7 6.Qc2 Nbd7 7.Bd2 O-O 8.Bd3 Re8
9.O-O-O a6 10.cxd5 cxd5 11.g4 Nf8 12.Ne5 N6d7 13.f4 Nxe5 14.fxe5 f6 15.exf6 Bxf6
16.h4 b5 17.g5 Be7 18.Rdf1 Bb7 19.Rxf8+ Rxf8 20.Bxh7+ Kh8 21.Bg6 Rc8 22.Qd1  1-0

[Event "ch-SCO"]
[Site "Oban SCO"]
[Date "2005.07.10"]
[Round "9"]
[White "Burnett,A"]
[Black "Tweedie,S"]
[Result "1/2-1/2"]
[WhiteElo "2191"]
[BlackElo "2172"]

1.d4 d5 2.c4 e6 3.Nc3 c6 4.Nf3 Nf6 5.e3 Nbd7 6.Qc2 Bd6 7.Bd2 O-O 8.g4 Nxg4
9.Rg1 f5 10.h3 Nh2 11.Nxh2 Bxh2 12.Rg2 Bd6 13.O-O-O Nf6 14.Bd3 Ne4 15.Rdg1 g6
16.Be1 Nxc3 17.Bxc3 a5 18.f3 Bb4 19.Rg5 Be7 20.R5g2 Bb4 21.Rg5 Be7 22.R5g2  1/2-1/2

[Event "16th Open"]
[Site "Ljubljana SLO"]
[Date "2005.07.11"]
[Round "4"]
[White "Bratovic,B"]
[Black "Gazvoda,F"]
[Result "1/2-1/2"]
[WhiteElo "2350"]
[BlackElo "2148"]

1.d4 d5 2.c4 e6 3.Nf3 Nf6 4.Nc3 c6 5.e3 Nbd7 6.Qc2 Bd6 7.b3 O-O 8.Be2 Re8
9.O-O Qe7 10.Rd1 b6 11.e4 Nxe4 12.Nxe4 dxe4 13.Qxe4 Bb7 14.Bg5 Nf6 15.Qh4 h6
16.Bxf6 Qxf6 17.Qxf6 gxf6 18.Nd2 Rad8 19.Bf3 Rd7 20.Ne4 Be7 21.Nc3 Red8 22.d5 cxd5
23.cxd5 Bxd5 24.Nxd5 exd5 25.Bg4 Rc7 26.Bf5 d4 27.Bd3 Bb4 28.Bc4 Bc3 29.Rac1 Re8
30.g3 Re5 31.Rc2 Rce7 32.Kg2 b5 33.Bd3 b4 34.Kf3 Re1 35.Rcc1 Rxd1 36.Rxd1 Kf8
37.Rc1 Re5 38.Bc4 a5 39.Bd3  1/2-1/2

[Event "27th Open"]
[Site "Oberwart AUT"]
[Date "2005.07.11"]
[Round "3"]
[White "Kadziolka,B"]
[Black "Zawadzki,S"]
[Result "1/2-1/2"]
[WhiteElo "2309"]
[BlackElo "2396"]

1.d4 d5 2.c4 c6 3.Nc3 Nf6 4.e3 e6 5.Nf3 Nbd7 6.Qc2 Bd6 7.e4 dxe4 8.Nxe4 Nxe4
9.Qxe4 Nf6 10.Qc2 c5 11.dxc5 Bxc5 12.Bd3 Qc7 13.Bd2 b6 14.Bc3 Bb7  1/2-1/2

[Event "FSGM July"]
[Site "Budapest HUN"]
[Date "2005.07.12"]
[Round "11"]
[White "Thorfinnsson,Br"]
[Black "Dearing,E"]
[Result "0-1"]
[WhiteElo "2328"]
[BlackElo "2420"]

1.d4 d5 2.c4 c6 3.Nf3 Nf6 4.e3 e6 5.Nc3 Nbd7 6.Bd3 dxc4 7.Bxc4 b5 8.Bd3 Bd6
9.O-O O-O 10.e4 e5 11.d5 cxd5 12.exd5 b4 13.Ne4 Nxe4 14.Bxe4 Nc5 15.Bc2 Bb7
16.Be3 Re8 17.Re1 Bf8 18.Ng5 g6 19.Bxc5 Bxc5 20.Ne4 Bd4 21.Ba4 Rf8 22.Bb3 Kg7
23.Qd2 Bxd5 24.Qxb4 Rb8 25.Qa4 Bxb3 26.axb3 Qb6 27.Rf1 Qxb3 28.Nd2 Qxa4 29.Rxa4 Rxb2
30.Nf3 Bb6 31.Nxe5 Re8 32.Ng4 Ree2 33.Ra3 f5 34.Ne3 f4 35.Nd1 Rbd2 36.g3 fxg3
37.hxg3 Re7 38.Kg2 g5 39.Ra4 Rf7 40.Rb4 Kg6 41.Rb2 Rfd7 42.Rb1 Bd4 43.Rb5 g4
44.Rh1 Bb6 45.Rb1 Rf7 46.Rf1 Rf6 47.Rb2 Rfd6 48.Rb1 Bd4 49.Rb5 a6 50.Rb3 Rc6
51.Ra3 Kf7 52.Rh1 Rf6 53.Rf1 Ke8 54.Ra5 Kd7 55.Rh5 h6 56.Rh4 Rg6 57.Rh5 Kc6
58.Rf5 Kb6 59.Re1 Rf6 60.Rxf6+ Bxf6 61.Re6+ Kb5 62.Rxf6 Rxd1 63.Rxh6 a5 64.Rh8 a4
65.f4 Rd2+ 66.Kf1 a3 67.Rb8+ Kc4 68.Rc8+ Kb3 69.Rb8+ Kc3 70.Rc8+ Kd3 71.Ra8 a2
72.f5 Rd1+  0-1

[Event "XVI Vidmar Mem"]
[Site "Portoroz SLO"]
[Date "2005.07.12"]
[Round "4"]
[White "Lenic,L"]
[Black "Pavasovic,D"]
[Result "1/2-1/2"]
[WhiteElo "2463"]
[BlackElo "2566"]

1.d4 d5 2.c4 e6 3.Nf3 Nf6 4.Nc3 c6 5.e3 Nbd7 6.Qc2 Bd6 7.b3 O-O 8.Be2 b6
9.O-O Bb7 10.Bb2 c5 11.cxd5 exd5 12.Nb5 Bb8 13.Rfd1 a6 14.Nc3 Qe7 15.Rac1 Re8
16.Qf5 Qe6 17.Bd3 g6 18.Qg5 Bd6 19.Qh4 Be7 20.Ng5 Qg4 21.Qxg4 Nxg4 22.Nf3 Rac8
23.dxc5 Bxc5 24.Na4 Nxe3 25.fxe3 Bxe3+ 26.Kf1 Bxc1 27.Rxc1 Rxc1+ 28.Bxc1 Nc5
29.Bc2 Nxa4 30.bxa4 a5 31.Kf2 Rc8 32.Nd4 Ba6 33.Be3 Bc4 34.Bb3 f6 35.Nb5 Bxb3
36.axb3 Rc2+ 37.Kf3 Rb2 38.Nd4 g5 39.h4 h6 40.h5 Kh7 41.g4 Rb1 42.Bf2 Rc1
43.Ke2 Rh1 44.Nf3 f5 45.gxf5 g4 46.Ne5 Rxh5 47.Nxg4 Rxf5 48.Ne3 Re5 49.Kd3 h5
50.Bg3 Rg5 51.Bh4 Re5 52.Bf6 Re6 53.Nxd5 Kg6 54.Bd4 Rd6 55.Ke4 Re6+ 56.Kf4 h4
57.Bxb6 h3 58.Kg3 Kf5 59.Ne3+ Ke4 60.Nc4 Rh6 61.Kh2 Kd3 62.Bxa5 Kc2 63.Nd2 Rh5
64.Bb4 Rh4 65.Be7 Rh7 66.Bg5 Rg7 67.Bh6 Rh7 68.Be3 Re7 69.Bc5 Rh7 70.Bb4 Rb7
71.Ba5 Rxb3 72.Nxb3 Kxb3  1/2-1/2

[Event "7th Festival IM"]
[Site "Saint Lo FRA"]
[Date "2005.07.12"]
[Round "5"]
[White "Feller,S"]
[Black "Mullon,J"]
[Result "0-1"]
[WhiteElo "2282"]
[BlackElo "2367"]

1.d4 d5 2.c4 c6 3.Nc3 Nf6 4.e3 e6 5.Nf3 Nbd7 6.Qc2 Bd6 7.g4 dxc4 8.Bxc4 e5
9.Bd2 exd4 10.Nxd4 Ne5 11.Be2 Nexg4 12.h3 Ne5 13.O-O-O Qe7 14.f4 Ng6 15.Bc4 O-O
16.Rde1 a6 17.Nf5 Bxf5 18.Qxf5 b5 19.Bb3 b4 20.Na4 Nh4 21.Qd3 Rfd8 22.Bc2 Nf3
23.Re2 Bc5 24.Qc4 Rxd2 25.Nxc5 Rxe2 26.Qxe2 Nd4  0-1